Statistics for Children's TV Shows Main Characters

Click here to take the quiz!

General Stats

  • This quiz has been taken 20 times
  • The average score is 9 of 11

Answer Stats

HintAnswer% Correct
Mickey Mouse ClubhouseMickey
100%
The SimpsonsBart
89%
BlueyBluey
89%
Clifford The Big Red DogClifford
89%
Daniel Tiger's NeighborhoodDaniel
89%
Curious GeorgeGeorge
89%
Young SheldonSheldon
89%
SpongeBob SquarePantsSpongeBob
89%
Sesame StreetElmo
72%
Shimmer and ShineShimmer and Shine
44%
Wild KrattsChris and Martin
33%

Score Distribution

Percentile by Number Answered

Percent of People with Each Score

Your Score History

You have not taken this quiz